Biblioteca y Centro de Documentación

L'Union européenne face à ses grands voisins orientaux (Registro nro. 43256)

Detalles MARC
000 -CABECERA
Longitud fija campo de control 01024naa a2200301 c 4500
001 - NÚMERO DE CONTROL
Número de control 43256
003 - IDENTIFICADOR DE NÚMERO DE CONTROL
Identificador del número de control ES-MaCES
005 - FECHA Y HORA DE LA ÚLTIMA TRANSACCIÓN
Fecha y hora de la última transacción 20150929135605.0
008 - CAMPO FIJO DE DESCRIPCIÓN FIJA--INFORMACIÓN GENERAL
Códigos de información de longitud fija   120912n2012 fr t 000 | fre d
035 ## - NÚMERO DE CONTROL DEL SISTEMA
Número de control del sistema CES20120008671v
040 ## - FUENTE DE CATALOGACIÓN
Centro catalogador de origen ES-MaCES
Lengua de catalogación spa
Centro transcriptor ES-MaCES
100 1# - ENCABEZAMIENTO PRINCIPAL--NOMBRE PERSONAL
Nombre de persona Drevet, Jean-François
9 (RLIN) 10972
245 12 - MENCIÓN DE TÍTULO
Título L'Union européenne face à ses grands voisins orientaux
Mención de responsabilidad, etc. par Jean-François Drevet
500 ## - NOTA GENERAL
Nota general Resumen
650 #4 - ASIENTO SECUNDARIO DE MATERIA--TÉRMINO DE MATERIA
Término de materia o nombre geográfico como elemento inicial Turquía
9 (RLIN) 26990
650 #4 - ASIENTO SECUNDARIO DE MATERIA--TÉRMINO DE MATERIA
Término de materia o nombre geográfico como elemento inicial Irán, República Islámica
9 (RLIN) 26976
650 #4 - ASIENTO SECUNDARIO DE MATERIA--TÉRMINO DE MATERIA
Término de materia o nombre geográfico como elemento inicial Rusia, Federación (1991- )
9 (RLIN) 30484
650 #4 - ASIENTO SECUNDARIO DE MATERIA--TÉRMINO DE MATERIA
Término de materia o nombre geográfico como elemento inicial relaciones internacionales
9 (RLIN) 26675
650 #4 - ASIENTO SECUNDARIO DE MATERIA--TÉRMINO DE MATERIA
Término de materia o nombre geográfico como elemento inicial frontera
9 (RLIN) 26677
650 #4 - ASIENTO SECUNDARIO DE MATERIA--TÉRMINO DE MATERIA
Término de materia o nombre geográfico como elemento inicial política comunitaria
9 (RLIN) 30776
650 #4 - ASIENTO SECUNDARIO DE MATERIA--TÉRMINO DE MATERIA
Término de materia o nombre geográfico como elemento inicial política exterior
9 (RLIN) 26687
653 10 - TÉRMINO DE INDEXACIÓN--NO CONTROLADO
Término no controlado Mercado Único Europeo
650 #4 - ASIENTO SECUNDARIO DE MATERIA--TÉRMINO DE MATERIA
9 (RLIN) 26752
Término de materia o nombre geográfico como elemento inicial UE
773 0# - ENTRADA DE DOCUMENTO FUENTE
Título Futuribles
Parte(s) relacionada(s) nº 387 (juil.-août 2012){10324 R. 081726}; p. 113-117
Número de control del registro relacionado (ES-MaCES)25335
Itemnumber del ítem fuente 51877
902 ## - CES. TIPO DE DOCUMENTO
Tipodoc (006$c Sirtex) ART Artículo de revista
942 ## - ELEMENTOS KOHA
Fuente de clasificaión o esquema Clasificación propia del CES
Koha [por defecto] tipo de item Artículos (1982-2017)
Parte de clasificación 1.0.

No hay ítems disponibles.

© CES, Consejo Económico y Social de España 2021